00281nam a2200109Ia 450000500170000000800410001710000200005824500480007826000100012630000110013665000240014720260328104252.0260328s9999||||xx |||||||||||||| ||und|| aYabuka, Narelle 0aEco-Diseño :b Cartón /cNarelle Yabuka bLinks a313 p. aDISEÑO INDUSTRIAL